000 00471nam a2200157Ia 4500
003 IN-BaIIA
008 211028s9999 xx 000 0 eng d
040 _cIIA Library
080 _a53(047)
_bPHY
100 _aStickland, A. C.
245 0 _aReports on progress in physics
_bvol. XVII
_cA. C. Stickland
260 _aLondon
_bThe Physical Society
_c1954
300 _a280p.
650 _aPhysics, Progress.
_92690
942 _cBK
999 _c1307
_d1307